Znane Polki o imieniu Anna - Statystyki

Ogólne statystyki
  • Ten quiz został rozwiązany 42 razy
  • Średni wynik to 4 z 13
Statystyki odpowiedzi
Podpowiedź Nazwisko % Poprawnych
Żona znanego piłkarza Anna Lewandowska
92%
Znana aktorka Anna Dymna
63%
Polityczna lewicy, znana ze swoich kontrowersyjnych wypowiedzi Anna Maria Żukowska
58%
Córka Zygmunta Starego Anna Jagiellonka
55%
Aktorka,grała w "Miłość seks & pandemia" Anna Mucha
37%
Aktorka, znana z "Czterdziestolatka" Anna Seniuk
37%
Aktorka znana z "Rodziny Połanieckich" Anna Nehrebecka
29%
Piosenkarka Anna German
24%
Aktorka dubbingowa, nazwisko na A Anna Apostolakis
21%
Była sprinterka Anna Kiełbasińska
11%
Aktorka, grała w "Alternatywach" Anna Chitro
3%
Aktorka, grała w serialu "Czarna śmierć" Anna Karczmarczyk
3%
Piosenkarka z zespołu Derize Anna Rusowicz
0%
Nie znaleziono quizów pasujących do podanych kryteriów
Rozkład punktacji
Procent ludzi z każdym wynikiem
Percentyl według liczby udzielonych odpowiedzi
Twoja historia wyników
Nie rozwiązałeś tego quizu